| 000 | 00662nam a2200193 a 4500 | ||
|---|---|---|---|
| 005 | 20230602063526.0 | ||
| 008 | 991125 1983 mx 000 0 spa u | ||
| 035 | _aUPN01000016698 | ||
| 049 | _aCG | ||
| 050 | 4 |
_aF3093 _bE5.3 |
|
| 100 | 1 | _aEnríquez Frodden, Edgardo | |
| 245 | 1 | 0 |
_aDos momentos históricos paralelos en la sociedad chilena : _bpatria vieja 1810-1814 : gobierno de la unidad popular 1970-1973 / _cEdgardo Enríquez F. |
| 260 |
_aMéxico : _bCasa de Chile, _c1983. |
||
| 300 | _a91 p. | ||
| 440 | 0 |
_aCuadernos Casa de Chile ; _v38 |
|
| 651 | 4 |
_aChile _xHistoria _913421 |
|
| 651 | 4 |
_aCHILE - _xPOLITICA Y GOBIERNO - _y1970 _913434 |
|
| 905 | _aLibro | ||
| 999 |
_c16698 _d16698 |
||